00550nam a2200169Ia 450000500170000000800410001702000150005808200150007310000150008824500400010326000490014330000130019250000590020594200060026495200970027099900130036720250410053646.0240331s9999 xx 000 0 und d a8123401191 a200.1bVIL aVildurent, 0aUlaka mathankal oru tattuvap parvai aChennaibNewcentury Book House Pvt Ltdc1992 a200 p ., aThe Pleasures of Philosophy enum noolin tamil veliyidu cL 001040708LaWERCLbWERCLcSSCd2024-03-31l0o 200.1 VILp3063r2024-03-31w2024-03-31yL c842d842